000 01887nam0a2200373 4500
001 RU\NLR\BIBL_A\012675990
005 20250624112312.0
010 _a978-5-907298-21-7
_9300
021 _aRU
_b2021-59483
_9КН-П-4632
035 _a(NLR Aleph) 012675990
090 _a12799731
_c12799731
100 _a20211224d2021 |||y0rusy50 ca
101 0 _arus
102 _aRU
105 _aab||z|||000zy
181 0 _ai
_baxxe
182 0 _an
200 1 _aДревнерусский Усвят: в поисках города Ярослава Мудрого
_dMedieval Usvyat: searching for the Town of Yaroslav the Wise
_fИ. И. Еремеев, А. Г. Фурасьев
_gРоссийская академия наук, Институт истории материальной культуры
_zeng
203 _aТекст
_bвизуальный
_cнепосредственный
210 _aСанкт-Петербург
_cИнститут истории материальной культуры
_d2021
215 _a50 с.
_cцв. ил.
_d22
300 _aАвт. также на англ. яз.: Ivan Eremeev, Alexey Furasiev
510 1 _6z77790
_aMedieval Usvyat: searching for the Town of Yaroslav the Wise
_zeng
607 _aУсвят, древнерусский город
_xАрхеологические исследования
_92514835
_3RU\NLR\AUTH\6601705415
686 1 _aТ4(2)431.92А/Я
700 1 _aЕремеев
_bИ. И.
_f1969-
_gИван Игоревич
701 1 _7ca
_8rus
_aФурасьев
_bА. Г.
_f1971-
_gАлексей Геннадьевич
_9211464
_3RU\NLR\AUTH\770211520
790 1 _677
_aEremeev
_bI. I.
_gIvan Igorevich
790 1 _7ba
_8rus
_aFuras'ev
_bA. G.
_f1971-
_gAleksej Gennad'evič
_9211465
_3RU\NLR\AUTH\770211521
942 _cBOOK
980 _aNB